Detalles MARC
| 000 -CABECERA |
| campo de control de longitud fija |
01840nam a2200265 a 4500 |
| 001 - NÚMERO DE CONTROL |
| campo de control |
000028592 |
| 005 - FECHA Y HORA DE LA ÚLTIMA TRANSACCIÓN |
| campo de control |
20200930055028.0 |
| 008 - DATOS DE LONGITUD FIJA--INFORMACIÓN GENERAL |
| campo de control de longitud fija |
110411s2010 dr 001 0 spa d |
| 020 ## - NÚMERO INTERNACIONAL ESTÁNDAR DEL LIBRO |
| Número Internacional Estándar del Libro |
9789993478430 |
| 040 ## - FUENTE DE LA CATALOGACIÓN |
| Centro catalogador/agencia de origen |
DO-SdBNP |
| Lengua de catalogación |
spa |
| Centro/agencia transcriptor |
BNPHU |
| 082 ## - NÚMERO DE LA CLASIFICACIÓN DECIMAL DEWEY |
| Número de clasificación |
342.729302 |
| Número de documento/Ítem |
R426con, 2010 |
| 110 1# - ENTRADA PRINCIPAL--NOMBRE DE ENTIDAD CORPORATIVA |
| Nombre de entidad corporativa o nombre de jurisdicción como elemento de entrada |
República Dominicana. |
| 9 (RLIN) |
447 |
| 240 10 - TÍTULO UNIFORME |
| Título uniforme |
Constitución (2010) |
| 245 10 - MENCIÓN DE TÍTULO |
| Título |
Constitución de la República Dominicana anotada : |
| Resto del título |
concordada con la Constitución de 2002 doctrina, legislación y jurisprudencia / |
| Mención de responsabilidad, etc. |
Herbert Carvajal Oviedo ; prólogo Olivo A. Rodríguez Huertas. |
| 260 ## - PUBLICACIÓN, DISTRIBUCIÓN, ETC. |
| Lugar de publicación, distribución, etc. |
Santo Domingo : |
| Nombre del editor, distribuidor, etc. |
Librería Jurídica Internacional, |
| Fecha de publicación, distribución, etc. |
2010. |
| 300 ## - DESCRIPCIÓN FÍSICA |
| Extensión |
xiii, 187 p. ; |
| Dimensiones |
23 cm. |
| 504 ## - NOTA DE BIBLIOGRAFÍA, ETC. |
| Nota de bibliografía, etc. |
Incluye bibliografía y notas a pie de páginas. |
| 505 0# - NOTA DE CONTENIDO CON FORMATO |
| Información miscelánea |
Prólogo / |
| Mención de responsabilidad |
Olivo A. Rodríguez Huertas -- |
| Título |
Preámbulo -- |
| -- |
De la Nación, del Estado, de su gobierno y de sus principios fundamentales -- |
| -- |
De los derechos, garantías y deberes fundamentales -- |
| -- |
Del Poder Legislativo -- |
| -- |
Del Poder Ejecutivo -- |
| -- |
Del Poder Judicial -- |
| -- |
Del Consejo Nacional de la Magistratura -- |
| -- |
Del control constitucional -- |
| -- |
Del Defensor del Pueblo -- |
| -- |
Del ordenamiento del territorio y de la administración local -- |
| -- |
Del Sistema electoral -- |
| -- |
Del régimen económico y financiero y de la Cámara de Cuentas -- |
| -- |
De las Fuerzas Armadas, de la Policía Nacional y de la Seguridad y Defensa -- |
| -- |
De los Estados de Excepción -- |
| -- |
De las Reformas Constitucionales -- |
| Información miscelánea |
Disposiciones generales y transitorias -- |
| -- |
Índice temático. |
| 590 ## - NOTA LOCAL (RLIN) |
| Nota local |
Inventariado, 2018/ YL |
| 651 #4 - PUNTO DE ACCESO ADICIONAL DE MATERIA--NOMBRE GEOGRÁFICO |
| Nombre geográfico |
República Dominicana |
| Subdivisión general |
Constitución (2010{Rpara} |
| 9 (RLIN) |
35654 |
| 651 #4 - PUNTO DE ACCESO ADICIONAL DE MATERIA--NOMBRE GEOGRÁFICO |
| Nombre geográfico |
República Dominicana |
| Subdivisión geográfica |
Derecho Constitucional |
| 9 (RLIN) |
449 |
| 700 1# - PUNTO DE ACCESO ADICIONAL--NOMBRE DE PERSONA |
| Nombre de persona |
Carvajal Oviedo, Herbert |
| 9 (RLIN) |
14576 |
| 700 1# - PUNTO DE ACCESO ADICIONAL--NOMBRE DE PERSONA |
| Nombre de persona |
Rodríguez Huertas, Olivo A., |
| Término indicativo de función/relación |
pról. |
| 9 (RLIN) |
55545 |
| 910 ## - DATOS DE OPCIÓN DEL USUARIO (OCLC) |
| Datos de opción del usuario |
Validado. Control de calidad EMS |